Представление документа в формате RUSMARC

ПолеНазваниеЗначение
  Тип записи i
  Библиографический уровень m
001 Контрольный номер RU/IS/BASE/476884544
005 Дата корректировки 20201206204938.1
010 Индекс ISBN __
a ISBN 978-5-9677-1926-4
d Цена 283-50
100 Данные общей обработки __
a Данные общей обработки 19150210d2014||||||| 0rusy0189 ca
101 Язык документа 1_
a Язык текста rus
c Язык оригинала eng
102 Страна публикации __
a Страна публикации ru|
105 Кодированные данные (монография) __
a Кодированные данные (монография) an|||||||||zy
127 Кодированные данные (звукозаписи-физические характеристики) __
a Продолжительность проигрывания 19 ч 35 мин
200 Заглавие и сведения об ответственности 1_
a Заглавие Джен Эйр
e Сведения, относящиеся к заглавию [аудиокнига : 12+]
f Первые сведения об ответственности Шарлотта Бронте ; [читает Ольга Кузнецова ; звукорежиссеры И. Аржадеев, П. Брусков ; продюсер Е. Лихачева]
b Общее обозначение материала Звукозапись
210 Выходные данные __
a Место издания Москва
c Издательство 1С-Паблишинг
d Дата издания 2014
215 Физическое описание __
a Объем 2 электрон. опт. диска (Audio CD)
c Иллюстрации/тип воспроизводства mp3, stereo
d Формат 12х14 см
230 Специфическая характеристика материала: электронные ресурсы __
a Обозначение и объем ресурса Электронные звуковые данные
323 Примечание о главных создателях, исполнителях, участниках __
a Примечание о главных создателях, исполнителях, участниках Кузнецова, О. (читает)
330 Аннотация __
a Аннотация Вам предлагается трогательная история любви, полная драматизма, но лишенная той слащавой вульгарности и нарочитой чувственности, которые нередко присущи так называемым "любовным романам". Это повествование о самопожертвовании женщины, о верности и преданности благородного сердца, о стойкости и честности. Подлинный шедевр английской литературы и один из наиболее часто экранизируемых классических романов. Слушая эту аудиокнигу и погружаясь в мир старой, доброй Англии, вы, вместе с маленькой Джен, испытаете то мистический трепет, то искренний восторг. А главное - вы прикоснетесь к вечности, чье имя любовь.
333 Примечание о целевом назначении __
a Примечание о целевом назначении 12+. Для детей старше 12 лет
337 Примечание о системных требованиях (электронные ресурсы) __
a Примечание о системных требованиях (электронные ресурсы) Системные требования: Pentium 100 ; RAM 16 Мб ; MS Windows ; монитор SVGA, 800х600 ; звуковая карта, колонки или наушники ; CD-ROM, музыкальный центр, CD/DVD-плеер и т.д.
606 Тематические рубрики __
a Основная рубрика Художественная литература
606 Тематические рубрики __
a Основная рубрика Литература Европы (произведения)
z Хронологическая подрубрика 19 в.
y Географическая подрубрика Англия
y Географическая подрубрика Великобритания
610 Ключевые слова __
a Ключевые слова английская литература
a Ключевые слова женская проза
a Ключевые слова женские романы
a Ключевые слова зарубежная литература
a Ключевые слова иностранная литература
a Ключевые слова классическая литература
a Ключевые слова любовные романы
a Ключевые слова романы
a Ключевые слова тема взаимоотношений
a Ключевые слова тема взаимопомощи
a Ключевые слова тема взаимопонимания
a Ключевые слова тема взаимоуважения
a Ключевые слова тема детей
a Ключевые слова тема женщины
a Ключевые слова тема любви
a Ключевые слова тема мужчины
a Ключевые слова тема сиротства
686 Индексы других классификаций __
2 Код системы rubbks
a Классификационный индекс 84(4Вел)52-4я04; ст84(4Вел)-4я0
700 Автор _1
a Фамилия Бронте
b Имя Ш.
f Даты 1816-1855
g Полное личное имя Шарлотта
4 Код отношения 070
702 Вторичная интеллектуальная ответственность _1
a Фамилия Аржадеев
b Имя И.
4 Код отношения Прочие
4 Код отношения 570
702 Вторичная интеллектуальная ответственность _1
a Фамилия Брусков
g Полное личное имя П
4 Код отношения Прочие
4 Код отношения 570
702 Вторичная интеллектуальная ответственность _1
a Фамилия Лихачева
b Имя Е.
4 Код отношения Прочие
4 Код отношения 570
801 Источник записи _0
a Страна ru
b Организация Муниципальное бюджетное учреждение культуры "Централизованная библиотечная система" г. Сургут (Центральная городская библиотека им. А. С. Пушкина)
c Дата составления 20150210
g Правила каталогизации КиК/Апакова
801 Источник записи _1
a Страна ru
b Организация Муниципальное бюджетное учреждение культуры "Централизованная библиотечная система" г. Сургут (Центральная городская библиотека им. А. С. Пушкина)
c Дата составления 20150210
g Правила каталогизации КиК/Апакова
852 Данные о местонахождении __
j Шифр хранения 84(4Вел)52-4я04
i Авторский знак Б 88
901 Тип документа __
t Тип документа 0
903 Характеристики (МАРС) __
a Дата передачи 20150210
969 Тип издания __
a Тип издания аудиокнига; издание для слепых
990 Данные о заказе (DOS) __
j Количество экземпляров (DOS) 12
t N записи в КСУ для И/У (DOS) 201502